Every MLB teams home run leader 2025 - Statistics

General Stats
  • This quiz has been taken 67 times
  • The average score is 22 of 30
Answer Stats
Team and
(number of Home runs)
Player/players % Correct
Yankees (53) Aaron Judge
100%
Mariners (60) Cal Raleigh
88%
Blue Jays (32) George Springer
88%
Orioles (17) Holliday/Westburg/Henderson
88%
A's (36) Nick Kurtz
84%
Phillies (56) Kyle Schwarber
82%
Dodgers (55) Shohei Ohtani
82%
Mets (43) Juan Soto
80%
Braves (29) Matt Olson
80%
Twins (35) Byron Buxton
78%
Guardians (30) Jose Ramirez
78%
Rays (45) Junior Caminero
78%
Tigers (36) Riley Greene
78%
Red Sox (35) Rafael Devers
73%
Giants (35) Rafael Devers
73%
Reds (22) Elly De La Cruz
71%
Padres (27) Manny Machado
71%
Pirates (20) Oneil Cruz
71%
Angels (37) Jo Adell
69%
Royals (32) Vinnie Pasquantino
69%
Brewers (29) Christian Yelich
67%
Nationals (31) James Wood
67%
Rockies (31) Hunter Goodman
65%
Diamondbacks (49) Eugenio Suarez
63%
Marlins (25) Kyle Stowers
63%
Cubs (34) Michael Busch
59%
Astros (27) Christian Walker
51%
Cardinals (20) Willson Contreras
51%
Rangers (22) Wyatt Langford
49%
White Sox (22) Lenyn Sosa
37%
No matching quizzes found
Score Distribution
Percent of People with Each Score
Percentile by Number Answered
Your Score History
You have not taken this quiz